000 00962nam a22002177a 4500
999 _c2088
_d2088
003 AR-CdUCM
008 190301b ||||| |||| 00| 0 spa d
020 _a84-80309-40-X
040 _aMUNICIPALIDAD PROVINCIAL DEL CUSCO
_cBIBLIOTECA MUNICIPAL DEL CUSCO
082 _a349.851 /
_bG88
100 _aGuevara Gil, Jorge A.
_97550
245 _aPropiedad agraria y derecho colonial :
_bLos documentos de la hacienda Santotis Cusco (1543-1822) /
260 _aLima :
_bPontificia Universidad Católica del Perú, Fondo Editorial,
_c1993.
300 _a572 paginas ;
_c20 cm.
505 _aContenido: Los Carrasco: Encomenderos- terratenientes -- El establecimiento y la consolidación de la hacienda -- Los métodos de defensa jurídica de la tierra -- El disfrute de la hacienda -- El arrendamiento ...
650 _aPropiedad agrícola
_97551
650 _aDerecho indiano
_97552
650 _aHaciendas del Perú
_97553
942 _2ddc
_cLIBROS
945 _arum